| 000 | 01403nam0a2200325 4500 | ||
|---|---|---|---|
| 001 | RU\NLR\BIBL_A\010434427 | ||
| 005 | 20250614051001.0 | ||
| 010 |
_a978-5-902616-14-6 _9700 |
||
| 021 |
_aRU _b2014-39393 _92404 |
||
| 035 | _a(NILC)RuMoRGB-007499889 | ||
| 035 | _a(NLR Aleph) 010434427 | ||
| 090 |
_a9864260 _c9864260 |
||
| 100 | _a20140724d2014 |||y0rusy50 ca | ||
| 101 | 0 | _arus | |
| 102 | _aRU | ||
| 105 | _aa|||z||||00yy | ||
| 200 | 1 |
_aКоррозия в мерзлоте _fВсеволод Притула |
|
| 210 |
_aПермь _cКнижная площадь _d2014 |
||
| 215 |
_a174, [2] с. _cил. _d22 |
||
| 320 | _aБиблиогр.: с. 169-173 (220 назв.) | ||
| 606 | 1 |
_aТрубопроводный транспорт _xТрубопроводы _xКоррозия и защита от нее _92181849 _3RU\NLR\AUTH\661312018 |
|
| 606 | 1 |
_aТрубопроводный транспорт _xТрубопроводы _xЭксплуатация в условиях вечной мерзлоты _92362281 _3RU\NLR\AUTH\661410550 |
|
| 686 | 1 | _aО71-082.04 | |
| 700 | 1 |
_4070 _7ca _8rus _aПритула _bВ. В. _f1937-2015 _gВсеволод Всеволодович _9271672 _3RU\NLR\AUTH\770271728 |
|
| 801 | 0 |
_aRU _bРГБ _c20140530 _gRCR |
|
| 801 | 1 |
_aRU _bРГБ _c20140530 _2rusmarc |
|
| 942 | _cBOOK | ||
| 980 | _aNB | ||